| 000 | 01183nam a2200181Ia 4500 | ||
|---|---|---|---|
| 999 |
_c44984 _d44984 |
||
| 001 | 11805 | ||
| 003 | GE_BSU | ||
| 005 | 20240628170136.0 | ||
| 008 | 181216s2013||||ge |||||||||||||| ||geo|| | ||
| 040 | _cGE_BSU | ||
| 041 | _ageo | ||
| 080 | _a343.137.5 მ-30 | ||
| 245 |
_aმართლმსაჯულება ბავშვებისათვის : საუნივერსიტეტო კურსი : _bსაკითხავი მასალა სტუდენტებისათვის / _cმასალა მომზად. გაეროს ბავშვთა ფონდის კონსულტანტის ურსინა ვაიდკუნის მიერ. მასალა მომზადდა ნიდერლანდების საგარეო საქმეთა სამინისტროს მხარდაჭერით. |
||
| 264 |
_aთბილისი : _bგაეროს ბავშვთა ფონდი, _c2013. |
||
| 300 |
_a150 გვ. ; _c30 სმ. |
||
| 653 | _aმართლმსაჯულება ბავშვებისათვის | ||
| 942 |
_cBK _2udc |
||